| 000 | 00798cam a2200241 a 4500 | ||
|---|---|---|---|
| 005 | 20260322212042.0 | ||
| 008 | data | ||
| 010 | _a 92030969 | ||
| 020 |
_a0684195658 : _c{dollar}20.00 |
||
| 020 |
_a9780684195650 : _c{dollar}20.00 |
||
| 040 |
_aDLC _cDLC _dDLC _dOCoLC _dDLC |
||
| 050 | 0 | 0 |
_aPR6052.R4296 _bM38 1993 |
| 082 | 0 | 0 |
_a823/.914 _220 |
| 100 | 1 | _aBrett, Simon. | |
| 245 | 1 | 0 |
_aMrs. Pargeter's pound of flesh : _ba Mrs. Pargeter mystery / _cSimon Brett. |
| 250 | _a1st U.S. ed. | ||
| 260 |
_aNew York : _bMaxwell Macmillan International, _bMaxwell Macmillan International, _c1993. |
||
| 300 |
_a207 p. ; _c25 cm. |
||
| 650 | 0 |
_aPargeter, Mrs. (Fictitious character) _xFiction. |
|
| 650 | 0 |
_aWomen detectives _xFiction. _zEngland |
|
| 655 | 7 |
_aDetective and mystery stories. _2gsafd |
|
| 001 | data | ||
| 999 |
_c992 _d992 |
||